00329nam a2200133Ia 45000030006000000080041000060400015000471000024000622450031000862600045001173000006001625460010001680050017001780STCL150530s9999 xx 000 0 und d aSTCLcSTCL aDevisaran Rasthogee aHindi ko Sahithyak Nibandh bRajhamsh Prakashan Mandir ; Meerutc1983 a0 aHindi20220125171310.0